Bí thư Tỉnh ủy Từ cuộc đời "Cha đẻ khoán hộ" Kim Ngọc
Tiểu thuyết dựa trên nguyên mẫu cuộc đời ông Kim Ngọc - Bí thư Tỉnh ủy tỉnh Vĩnh Phú. Tái hiện lại vài năm ra đời, phát triển và kết cục của khoán hộ, tiền thân khoán 10 sau này; cũng là quãng đời Bí thư Kim Ngọc trăn trở cùng với người...
সংরক্ষণ করুন:
| প্রধান লেখক: | |
|---|---|
| বিন্যাস: | গ্রন্থ |
| ভাষা: | Undetermined |
| প্রকাশিত: |
Tp.HCM
Trẻ
2010
|
| বিষয়গুলি: | |
| অনলাইন ব্যবহার করুন: | http://lrc.tdmu.edu.vn/opac/search/detail.asp?aID=2&ID=14906 |
| ট্যাগগুলো: |
ট্যাগ যুক্ত করুন
কোনো ট্যাগ নেই, প্রথমজন হিসাবে ট্যাগ করুন!
|
| Thư viện lưu trữ: | Trung tâm Học liệu Trường Đại học Thủ Dầu Một |
|---|
| LEADER | 01193nam a2200217Ia 4500 | ||
|---|---|---|---|
| 001 | TDMU_14906 | ||
| 008 | 210410s9999 xx 000 0 und d | ||
| 082 | |a 895.922334 | ||
| 090 | |b V121 | ||
| 100 | |a Vân Thảo | ||
| 245 | 0 | |a Bí thư Tỉnh ủy | |
| 245 | 0 | |b Từ cuộc đời "Cha đẻ khoán hộ" Kim Ngọc | |
| 245 | 0 | |c Vân Thảo | |
| 260 | |a Tp.HCM | ||
| 260 | |b Trẻ | ||
| 260 | |c 2010 | ||
| 300 | |a 676tr. | ||
| 520 | |a Tiểu thuyết dựa trên nguyên mẫu cuộc đời ông Kim Ngọc - Bí thư Tỉnh ủy tỉnh Vĩnh Phú. Tái hiện lại vài năm ra đời, phát triển và kết cục của khoán hộ, tiền thân khoán 10 sau này; cũng là quãng đời Bí thư Kim Ngọc trăn trở cùng với người nông dân để tìm ra lối thoát cho căn bệnh nghèo đói của nông dân. | ||
| 650 | |a Tiểu thuyết Việt Nam; Văn học Việt Nam |y Thế kỷ 20 |x Tiểu thuyết xã hội | ||
| 856 | |u http://lrc.tdmu.edu.vn/opac/search/detail.asp?aID=2&ID=14906 | ||
| 980 | |a Trung tâm Học liệu Trường Đại học Thủ Dầu Một | ||